Arqueología vegetal /
Descripción Física:
Il·lustracions
Colección:
San Jorge,
; núm. 14 (abril 1954), pàg 43-57
Otros Autores:
Català-Roca, Francesc, 1922-1998
,
Dimas, Ramón
,
Waugh, Frank Albert, 1869-1943
,
Solé Guillaume, Lluís, 1918-2019
Idioma:
Español
MARC
| LEADER | 00000naa a2200000 a 4500 | ||
|---|---|---|---|
| 003 | Arxiu | ||
| 005 | 20260324181052.0 | ||
| 008 | 160829s1954 spcaxx s spa c | ||
| 040 | |a agdb | ||
| 100 | |a Amat, Manuel |9 20273 | ||
| 245 | |a Arqueología vegetal / |c por Amat Manuel | ||
| 300 | |b Il·lustracions | ||
| 490 | |a San Jorge, |v núm. 14 (abril 1954), pàg 43-57 | ||
| 500 | |a Fotos R. Dimas, Catalá-Roca, F. A. Waugh, Solé Guillaume | ||
| 500 | |a Fotos Colección V. E. García Mariá | ||
| 590 | |a Fotografies de: Català Roca, Francesc ; Dimas, Ramon ; Solé Guillaume, | ||
| 650 | |a Arbres |x Països Catalans |9 46459 | ||
| 650 | 0 | |a Arboricultura |9 30386 |2 Arxiu | |
| 700 | 1 | |9 26722 |a Català-Roca, Francesc, |d 1922-1998 |e fotografies | |
| 700 | 1 | |9 54761 |a Dimas, Ramón |e fotografies | |
| 700 | 1 | |9 54916 |a Waugh, Frank Albert, |d 1869-1943 |e fotografies | |
| 700 | 1 | |9 54917 |a Solé Guillaume, Lluís, |d 1918-2019 |e fotografies | |
| 773 | |g Núm. 14 (abril 1954), pàg 43 - 57 |t San Jorge. | ||
| 901 | |a Arxiu | ||
| 942 | |n 1 |2 udc |c ART | ||
| 952 | |0 0 |1 0 |4 0 |6 REV509 |7 1 |9 64776 |a Arxiu |b Arxiu |d 2022-12-13 |l 0 |o Rev-509 |r 2022-12-13 00:00:00 |w 2022-12-13 |y ARXIU |z També disponible a Rev-523 | ||
| 999 | |c 57087 |d 57087 | ||